000 00523nam a2200193Ia 4500
008 151119s9999||||xx |||||||||||||| ||und||
082 _a150
082 _bGKKV28344
100 _aबर्वे राजेंद्र
245 _aमानसिका
260 _a--
260 _b--
260 _c2004
600 _aबर्वे राजेंद्र
630 _aमानसिका
700 _aबर्वे राजेंद्र
730 _aमानसिका
942 _cBOOK
999 _c1080746
_d1080743